| 000 | 00886nam a22001577a 4500 | ||
|---|---|---|---|
| 003 | OSt | ||
| 005 | 20151008084118.0 | ||
| 008 | 151008b xxu||||| |||| 00| 0 eng d | ||
| 040 | _cRUA | ||
| 082 | _aAVM SAR 2007 B079 Or.1 | ||
| 100 |
_92330 _aSARY, BONAK. |
||
| 245 | _athe effect of using coconut waste in concertrate on growing growing broiler avian at animal experimental station of the royal university of agriculture (ឥទ្ធិពលនៃការប្រើប្រាស់កាកដូងក្នុងចំណីផ្សំលើការលូតលាស់របស់មាន់ពូជ aian នៅក្នុងស្ថានីយ៍ចិញ្ចឹមសត្វ នៃសាកលវិទ្យាល័យភូមិន្ទកសិកម្)ម | ||
| 260 |
_aPhnom Penh _bRUA _c2007 |
||
| 300 |
_aviii, 42p. _bill. _c29cm. |
||
| 942 |
_2ddc _cAVM |
||
| 999 |
_c2196 _d2196 |
||